| 000 | 00374nam a22001697a 4500 | ||
|---|---|---|---|
| 003 | NUST - PNEC | ||
| 005 | 20170116180850.0 | ||
| 008 | 150825b xxu||||| |||| 00| 0 eng d | ||
| 020 | _a- | ||
| 040 | _cLIBRARY | ||
| 082 | _a294.7 BAQ | ||
| 100 |
_95675 _aBaqar, Mohammad |
||
| 245 | _aAkhtar Naik (Arabic) | ||
| 260 | _aBeirut: | ||
| 650 | _xGeneral | ||
| 942 |
_2ddc _cBK |
||
| 999 |
_c64596 _d64596 |
||